States of India - Without Any Help - Statistics

General Stats
  • This quiz has been taken 9 times
  • The average score is 25 of 36
Answer Stats
State % Correct
Andhra Pradesh
89%
Delhi
89%
Goa
89%
Gujarat
89%
Uttar Pradesh
89%
West Bengal
89%
Himachal Pradesh
78%
Jammu and Kashmir
78%
Kerala
78%
Maharashtra
78%
Punjab
78%
Rajasthan
78%
Andaman and Nicobar Islands
67%
Arunachal Pradesh
67%
Assam
67%
Bihar
67%
Haryana
67%
Karnataka
67%
Ladakh
67%
Lakshadweep
67%
Madhya Pradesh
67%
Meghalaya
67%
Mizoram
67%
Nagaland
67%
Odisha
67%
Puducherry
67%
Tamil Nadu
67%
Telangana
67%
Tripura
67%
Uttarakhand
67%
Chandigarh
56%
Chhattisgarh
56%
Dadra and Nagar Haveli and Daman and Diu
56%
Jharkhand
56%
Manipur
56%
Sikkim
44%
No matching quizzes found
Score Distribution
Percent of People with Each Score
Percentile by Number Answered
Your Score History
You have not taken this quiz